000 00497nam a22001937a 4500
005 20260202105531.0
008 260202b |||||||| |||| 00| 0 eng d
020 _a9798886131277
_c1495.00
040 _aMAIN
041 _aEnglish
082 _a005.8
_bMET
100 _aMetcalf, Leigh
_925023
245 _aUsing Science in Cyber Security
260 _aSingapore
_bWorld Science
_c2025
300 _a291
650 _aComputer Science
700 _aSpring, Jonathan
_926158
942 _cBK
999 _c60200
_d60200